[Event "Reykjavik Open"]
[Site "Reykjavik ISL"]
[Date "2012.03.12"]
[Round "8.53"]
[White "Johannesson, Oliver"]
[Black "Lee, Kai Jie Edward"]
[Result "0-1"]
[WhiteElo "1677"]
[BlackElo "2093"]
[WhiteFideId "2305623"]
[BlackFideId "5802920"]
[EventDate "2012.03.06"]

1. e4 e5 2. Nf3 Nf6 3. d4 Nxe4 4. dxe5 d5 5. Nbd2 Nc5 6. Nb3 Ne6 7. Nbd4 Nxd4 8.
Nxd4 c5 9. Bb5+ Bd7 10. e6 cxd4 11. exd7+ Nxd7 12. Bxd7+ Qxd7 13. Qxd4 Bd6 14.
O-O O-O 15. Rd1 Rfe8 16. Be3 Qc7 17. c3 Bxh2+ 18. Kf1 Rad8 19. g3 Bxg3 20. fxg3
Qxg3 21. Ke2 Qg2+ 22. Kd3 Re5 23. Qxa7 Rde8 24. Re1 Qg3 25. Kd2 d4 0-1

[Event "Reykjavik Open"]
[Site "Reykjavik ISL"]
[Date "2012.03.12"]
[Round "8.54"]
[White "Dave, Dhyani"]
[Black "Hardarson, Jon Trausti"]
[Result "1/2-1/2"]
[WhiteTitle "WFM"]
[WhiteElo "2205"]
[BlackElo "1688"]
[WhiteFideId "5019834"]
[BlackFideId "2302594"]
[EventDate "2012.03.06"]

1. e4 e5 2. Nf3 Nc6 3. Bc4 Bc5 4. c3 Nf6 5. d3 O-O 6. Bb3 h6 7. O-O d6 8. h3 Ne7
9. d4 exd4 10. cxd4 Bb6 11. Nc3 d5 12. e5 Ne4 13. Bc2 Bf5 14. Qe2 Nxc3 15. bxc3
c5 16. Ba3 Bxc2 17. Qxc2 cxd4 18. cxd4 Rc8 19. Qd3 Re8 20. Rac1 Qd7 21. Rxc8
Rxc8 22. Rc1 Rxc1+ 23. Bxc1 Qa4 24. Qb3 Qxb3 25. axb3 Nc6 26. Bb2 Ba5 27. Kf1
Bb4 28. Ne1 Bxe1 29. Kxe1 Na5 30. b4 Nc4 31. Ke2 Kf8 32. f4 g6 33. g4 Nb6 34.
Kf3 Kg7 35. Kg3 1/2-1/2

[Event "Reykjavik Open"]
[Site "Reykjavik ISL"]
[Date "2012.03.12"]
[Round "8.55"]
[White "Guisset, Philippe"]
[Black "Gikas, Andreas Basilius"]
[Result "0-1"]
[WhiteElo "1926"]
[BlackElo "2219"]
[WhiteFideId "206628"]
[BlackFideId "4623509"]
[EventDate "2012.03.06"]

1. c4 Nf6 2. g3 c6 3. Nf3 d5 4. Qc2 Bg4 5. Bg2 e6 6. O-O Be7 7. b3 O-O 8. d3 a5
9. Ba3 Bxa3 10. Nxa3 Na6 11. Qb2 Qe7 12. Rac1 Rfe8 13. Nc2 e5 14. Ne3 Bxf3 15.
exf3 d4 16. Nc2 Nb4 17. Ne1 c5 18. a4 Ra6 19. Rd1 Rb6 20. Nc2 Nxc2 21. Qxc2 Qc7
22. Rfe1 Qc8 23. Rb1 Qf5 24. Qe2 g5 25. g4 Qg6 26. Qd2 Rb4 27. Kf1 Nd7 28. Ke2
Qf6 29. Kd1 Nf8 30. h4 gxh4 31. f4 Ng6 32. f5 Nf4 33. Be4 Qg5 34. Kc2 f6 35. Rg1
Re7 36. Rh1 Rg7 37. f3 Kf8 38. Rbg1 h3 39. Kb2 Qh4 40. Qh2 Rb6 41. Rg3 Rd6 42.
Rgg1 b6 43. Ka3 Rdd7 44. Qd2 Rg5 45. Qe1 Qxe1 46. Rxe1 h5 47. gxh5 Rh7 48. Reg1
Rg2 0-1

[Event "Reykjavik Open"]
[Site "Reykjavik ISL"]
[Date "2012.03.12"]
[Round "8.57"]
[White "Knudsen, Jes West"]
[Black "Vrban, Damir"]
[Result "1/2-1/2"]
[WhiteElo "1913"]
[BlackElo "2152"]
[WhiteFideId "1405985"]
[BlackFideId "14508630"]
[EventDate "2012.03.06"]

1. e4 Nf6 2. Nc3 e5 3. Bc4 Bb4 4. Nge2 c6 5. Bb3 d5 6. O-O O-O 7. d3 h6 8. Ng3
Re8 9. Nce2 Nbd7 10. c3 Ba5 11. Bc2 Bb6 12. Nf5 Nf8 13. Be3 Bxe3 14. Nxe3 Ng6
15. exd5 cxd5 16. d4 e4 17. b4 Be6 18. Qd2 Qd6 19. f4 exf3 20. Rxf3 Ne4 21. Bxe4
dxe4 22. Rf2 Ne5 23. d5 Ng4 24. Nxg4 Bxg4 25. Qf4 Qxf4 26. Nxf4 g5 27. h3 e3 28.
Rb2 gxf4 29. hxg4 Rac8 30. Rc2 Red8 1/2-1/2

[Event "Reykjavik Open"]
[Site "Reykjavik ISL"]
[Date "2012.03.12"]
[Round "8.59"]
[White "Karlsson, Mikael Johann"]
[Black "Huizer, Mark"]
[Result "1/2-1/2"]
[BlackTitle "CM"]
[WhiteElo "1884"]
[BlackElo "2122"]
[WhiteFideId "2305194"]
[BlackFideId "1005839"]
[EventDate "2012.03.06"]

1. c4 Nf6 2. g3 g6 3. Bg2 Bg7 4. Nc3 c5 5. Nf3 Nc6 6. d4 cxd4 7. Nxd4 a6 8. Nc2
Qc7 9. O-O O-O 10. e4 d6 11. b3 Rb8 12. Bb2 e6 13. Qe2 Nd7 14. Rfd1 Rd8 15. Rac1
Qa5 16. Qe3 Nc5 17. f4 Nd7 18. Rxd6 Bf8 19. e5 Bxd6 20. exd6 Qc5 21. Ne4 Qxe3+
22. Nxe3 f5 23. Ng5 Nc5 24. Rd1 h6 25. Nh3 Bd7 26. Nf2 b5 27. Ba3 b4 28. Bb2 a5
29. Nd3 Nxd3 30. Rxd3 Rbc8 31. c5 Nb8 32. Bd4 Bb5 33. Rd2 Na6 34. Bb7 Rxc5 35.
Bxc5 Nxc5 36. Bf3 Bd3 37. Nc4 a4 38. Be2 axb3 39. axb3 Bxe2 40. Rxe2 Ne4 41. Nd2
Nxd6 42. Rxe6 Kf7 43. Re5 Rc8 44. Rd5 Ke6 45. Rd4 Rb8 46. Nf3 Ne4 47. Ne5 Nc5
48. Nc6 Rb6 49. Nxb4 Nxb3 50. Rc4 g5 51. Nd3 Rd6 52. Nc5+ Nxc5 53. Rxc5 Kf6 54.
fxg5+ hxg5 55. Rc2 g4 56. Kg2 Rd3 57. Rf2 Kg5 58. h3 gxh3+ 59. Kxh3 Rd5 60. Kg2
f4 61. Kh3 Rf5 62. gxf4+ Rxf4 63. Rxf4 Kxf4 1/2-1/2

[Event "Reykjavik Open"]
[Site "Reykjavik ISL"]
[Date "2012.03.12"]
[Round "8.60"]
[White "Andersen, Daniel"]
[Black "Sigurjonsson, Stefan Th."]
[Result "1/2-1/2"]
[WhiteTitle "FM"]
[WhiteElo "1879"]
[BlackElo "2117"]
[WhiteFideId "1402714"]
[BlackFideId "2301008"]
[EventDate "2012.03.06"]

1. c4 e5 2. Nc3 Nf6 3. Nf3 Nc6 4. e4 Bc5 5. Nxe5 Nxe5 6. d4 Qe7 7. dxc5 Qxc5 8.
b3 d6 9. Be3 Qb4 10. Qd2 O-O 11. Be2 Neg4 12. Bg5 h6 13. Bh4 Nh7 14. O-O Qa5 15.
Rad1 Qe5 16. Bg3 Qe7 17. h3 Ngf6 18. Bd3 Bd7 19. Rfe1 Bc6 20. Nd5 Bxd5 21. cxd5
Qd7 22. Rc1 Rfe8 23. Rc4 c6 24. dxc6 bxc6 25. Bb1 d5 26. exd5 Rxe1+ 27. Qxe1
cxd5 28. Rd4 Re8 29. Qd2 Qe6 30. Bxh7+ Kxh7 31. Bh4 g5 32. Bg3 Kg7 33. f3 Qf5
34. Rd3 Nh5 35. Rxd5 Qb1+ 36. Kh2 Nxg3 37. Kxg3 Re7 38. Qd4+ f6 39. Rd6 Qf5 40.
Ra6 Kg6 41. Rxa7 Re2 42. a4 Qc2 43. Qg1 Qxb3 44. h4 Qb8+ 45. Kh3 gxh4 1/2-1/2

[Event "Reykjavik Open"]
[Site "Reykjavik ISL"]
[Date "2012.03.12"]
[Round "8.61"]
[White "Ingason, Sigurdur"]
[Black "Andersson, Christin"]
[Result "0-1"]
[BlackTitle "WIM"]
[WhiteElo "1878"]
[BlackElo "2102"]
[WhiteFideId "2301709"]
[BlackFideId "1702947"]
[EventDate "2012.03.06"]

1. f4 d5 2. Nf3 Nc6 3. g3 Nf6 4. Bg2 Bg4 5. h3 Bxf3 6. Bxf3 e5 7. d3 e4 8. Bg2
Bd6 9. e3 Qe7 10. O-O O-O-O 11. Nc3 Bc5 12. d4 Bd6 13. Nb5 Rhg8 14. Nxd6+ Qxd6
15. Qe1 g5 16. Qf2 Nh5 17. g4 gxf4 18. exf4 Nf6 19. c3 Nxg4 20. hxg4 Rxg4 21.
Qe2 Rdg8 22. Rf2 f5 23. Be3 Qh6 24. Bd2 Rh4 0-1

[Event "Reykjavik Open"]
[Site "Reykjavik ISL"]
[Date "2012.03.12"]
[Round "8.62"]
[White "Goodger, Martyn"]
[Black "Johannsdottir, Johanna Bjorg"]
[Result "1/2-1/2"]
[WhiteElo "2098"]
[BlackElo "1864"]
[WhiteFideId "408336"]
[BlackFideId "2303108"]
[EventDate "2012.03.06"]

1. e4 c5 2. Nf3 g6 3. Bc4 Bg7 4. O-O Nc6 5. Nc3 d6 6. h3 Nf6 7. d3 O-O 8. a3 a6
9. Be3 b5 10. Ba2 Nd7 11. Qd2 Nd4 12. Ne1 e6 13. Nd1 Bb7 14. c3 Nc6 15. f4 Ne7
16. Nf2 d5 17. Qe2 c4 18. Rd1 Qc7 19. g4 cxd3 20. Qxd3 Qc6 21. Nc2 Rad8 22. Nb4
Qc8 23. exd5 Nxd5 24. Nxd5 exd5 25. Rc1 Nc5 26. Qd2 Ne4 27. Nxe4 dxe4 28. Qf2
Bd5 29. Bb6 Qc6 30. Bxd8 Bxa2 31. Bb6 Bc4 32. Rfe1 Bd3 33. Bd4 Re8 34. Bxg7 Kxg7
35. Re3 Re6 36. Rd1 Qc4 37. Qd2 Qc5 38. Qf2 Qc4 39. Rd2 Rf6 40. Qg3 Qc7 41. Rf2 1/2-1/2

[Event "Reykjavik Open"]
[Site "Reykjavik ISL"]
[Date "2012.03.12"]
[Round "8.63"]
[White "Hansen, Erle Andrea Marki"]
[Black "Doell, Detlef"]
[Result "1/2-1/2"]
[WhiteElo "1793"]
[BlackElo "2067"]
[WhiteFideId "1508229"]
[BlackFideId "4659449"]
[EventDate "2012.03.06"]

1. d4 Nf6 2. Nf3 g6 3. b3 Bg7 4. Bb2 b6 5. g3 Bb7 6. Bg2 O-O 7. O-O d5 8. Nbd2
Nbd7 9. c4 e6 10. Qc2 c5 11. Rac1 Rc8 12. Qb1 Qe7 13. Qa1 dxc4 14. Nxc4 cxd4 15.
Bxd4 Rfd8 16. Rfd1 Ne8 17. Bxg7 Nxg7 18. Nd6 Rxc1 19. Qxc1 Bxf3 20. exf3 Nc5 21.
Ne4 Rxd1+ 22. Qxd1 Nxe4 23. fxe4 e5 1/2-1/2

[Event "Reykjavik Open"]
[Site "Reykjavik ISL"]
[Date "2012.03.12"]
[Round "8.64"]
[White "Jonsson, Pall Leo"]
[Black "Jonsson, Olafur Gisli"]
[Result "1-0"]
[WhiteElo "2057"]
[BlackElo "1877"]
[WhiteFideId "2302365"]
[BlackFideId "2302705"]
[EventDate "2012.03.06"]

1. d4 d5 2. Nf3 e6 3. c4 Be7 4. Nc3 Nf6 5. g3 O-O 6. Bg2 Nbd7 7. cxd5 exd5 8.
O-O c6 9. Qc2 Bb4 10. Bf4 h6 11. a3 Ba5 12. b4 Bb6 13. a4 Re8 14. a5 Bc7 15.
Bxc7 Qxc7 16. Rfc1 Qd6 17. b5 Nf8 18. e3 Ng6 19. bxc6 bxc6 20. Na4 Bd7 21. Nc5
Rac8 22. Rab1 Bg4 23. Rb7 Re7 24. Rb2 Ne4 25. Qd3 Bxf3 26. Bxf3 Nxc5 27. Rxc5
Ne5 28. Qd1 Nc4 29. Rb3 Qf6 30. Bxd5 Nxa5 31. Rxa5 cxd5 32. Rxd5 Rec7 33. Qd3
Rc1+ 34. Kg2 R1c2 35. Qf5 Qc6 36. Qf3 Rxf2+ 37. Kxf2 Qc2+ 38. Qe2 Qxb3 39. Rc5
Rb8 40. Qc2 Qe6 41. Qf5 Qa2+ 42. Rc2 Qa6 43. g4 g6 44. Qf4 Rb6 45. Kg3 Kg7 46.
Qe5+ Rf6 47. Rf2 Qd6 48. Rxf6 Qxf6 49. Qxf6+ Kxf6 50. Kf2 Ke6 51. Ke2 f5 52.
gxf5+ Kxf5 53. Kd3 g5 54. Kc4 Ke6 55. Kc5 Kd7 56. e4 g4 57. e5 h5 58. e6+ Kc7
59. d5 h4 60. d6+ Kd8 61. Kc6 h3 62. e7+ Ke8 63. d7+ Kxe7 64. Kc7 g3 65. d8=Q+
Ke6 66. Qg8+ 1-0

[Event "Reykjavik Open"]
[Site "Reykjavik ISL"]
[Date "2012.03.12"]
[Round "8.66"]
[White "Antonsson, Atli"]
[Black "Thorell, Viktor"]
[Result "1/2-1/2"]
[WhiteElo "1849"]
[BlackElo "2034"]
[WhiteFideId "2307987"]
[BlackFideId "1715488"]
[EventDate "2012.03.06"]

1. e4 e6 2. d4 d5 3. e5 c5 4. c3 Nc6 5. Nf3 Bd7 6. a3 Nh6 7. b4 cxd4 8. cxd4 Nf5
9. g4 Nh4 10. Nxh4 Qxh4 11. Be3 Rc8 12. Be2 Be7 13. Nd2 Bxb4 14. axb4 Nxb4 15.
Rc1 O-O 16. Nf3 Qxg4 17. Rg1 Qe4 18. Bh6 Rxc1 19. Bxc1 Rc8 20. Bh6 g6 21. Kf1
Rc2 22. Bd2 Rb2 23. Kg2 Ba4 24. Qxa4 Rc2 25. Re1 Nc6 26. Bd1 1/2-1/2

[Event "Reykjavik Open"]
[Site "Reykjavik ISL"]
[Date "2012.03.12"]
[Round "8.69"]
[White "Saemundsson, Bjarni"]
[Black "Ghaderi, Arman K"]
[Result "1/2-1/2"]
[WhiteElo "1947"]
[BlackElo "1772"]
[WhiteFideId "2302900"]
[BlackFideId "1511890"]
[EventDate "2012.03.06"]

1. e4 c5 2. Nc3 d6 3. f4 g6 4. Bb5+ Bd7 5. Bxd7+ Qxd7 6. Nf3 Bg7 7. O-O Nc6 8.
d3 e6 9. Qe1 Nge7 10. Be3 O-O 11. Qh4 Nd4 12. f5 Nxf3+ 13. Rxf3 exf5 14. Bh6
Bxh6 15. Qxh6 f6 16. Raf1 d5 17. h4 dxe4 18. dxe4 fxe4 19. Nxe4 Qd4+ 20. Qe3 Nf5
21. Qxd4 cxd4 22. h5 Rae8 23. hxg6 hxg6 24. Rf4 Rxe4 25. Rxe4 Ng3 26. Re7 Nxf1
27. Kxf1 Rf7 28. Re8+ Kg7 29. Rd8 Rc7 30. Rxd4 Rxc2 31. Rd7+ Kh6 32. Rxb7 a6 33.
Rb6 Kg5 34. Rxa6 Rxb2 35. Ra4 f5 36. g3 Rc2 37. Kg1 Kf6 38. Ra5 g5 39. Kf1 Rb2
40. Kg1 Ke6 41. Kf1 Rd2 42. g4 fxg4 43. Rxg5 Rxa2 44. Rxg4 1/2-1/2

[Event "Reykjavik Open"]
[Site "Reykjavik ISL"]
[Date "2012.03.12"]
[Round "8.71"]
[White "Bharat, Vijay"]
[Black "Bjorgvinsson, Andri Freyr"]
[Result "1-0"]
[WhiteElo "1941"]
[BlackElo "1544"]
[WhiteFideId "5032784"]
[BlackFideId "2306913"]
[EventDate "2012.03.06"]

1. d4 d5 2. Nf3 Nf6 3. Bf4 c5 4. e3 Qb6 5. Nc3 Bd7 6. Rb1 Nc6 7. dxc5 Qxc5 8. a3
a6 9. Be2 e6 10. Qd3 Rc8 11. O-O Be7 12. b4 Nxb4 13. Rxb4 Qxc3 14. Qxc3 Rxc3 15.
Rxb7 Rxa3 16. Rb8+ Bd8 17. Bd3 Rc3 18. Bd6 Rc8 19. Rfb1 Rxb8 20. Rxb8 Bb5 21.
Bxb5+ axb5 22. Ne5 Nd7 23. Rxd8+ Kxd8 24. Nxf7+ Ke8 25. Nxh8 Nb6 26. Kf1 Nc4 27.
Bb4 Nb6 28. Ke2 e5 29. Kd3 Nd7 30. f4 exf4 31. exf4 Nf6 32. Kd4 Ng4 33. h3 Nf6
34. Ke5 Nh5 35. g4 Ng3 36. Kxd5 Ne2 37. Ke4 h5 1-0

[Event "Reykjavik Open"]
[Site "Reykjavik ISL"]
[Date "2012.03.12"]
[Round "8.72"]
[White "Johannsson, Orn Leo"]
[Black "Leosson, Atli Johann"]
[Result "1-0"]
[WhiteElo "1939"]
[BlackElo "1682"]
[WhiteFideId "2303051"]
[BlackFideId "2308533"]
[EventDate "2012.03.06"]

1. d4 d5 2. Nf3 Nf6 3. e3 e6 4. Bd3 c5 5. b3 Nc6 6. Bb2 b6 7. O-O Bb7 8. a3 Bd6
9. Nbd2 Qc7 10. Qe2 Ne7 11. Ne5 O-O 12. f4 Ne4 13. Bxe4 dxe4 14. c4 f5 15. Rad1
Bxe5 16. dxe5 Rad8 17. Nb1 Rxd1 18. Rxd1 Rd8 19. Nc3 a6 20. Rd2 Bc6 21. Qd1 Rxd2
22. Qxd2 Qd7 23. Nb1 Qd3 24. Qxd3 exd3 25. Bc3 b5 26. Ba5 Nc8 27. Kf2 bxc4 28.
bxc4 Ba4 29. Nd2 Kf7 30. e4 g6 31. Ke3 Bc2 32. exf5 gxf5 33. Nf3 Ke7 34. Ne1 Bb3
35. Kxd3 Kd7 36. Kc3 Bd1 37. Nd3 Kc6 38. Bd8 Nb6 39. Bxb6 Kxb6 40. Nf2 Bh5 41.
h3 Ka5 42. g4 Bg6 43. Nd3 Kb6 44. Nb2 fxg4 45. hxg4 h5 46. gxh5 Bxh5 47. Nd3 Bg4
48. Kd2 Kc6 49. Ke3 Bh3 50. Kf3 Bf1 51. Nb2 Bh3 52. Kg3 Bf5 53. Kh4 Bc2 54. Kg5
Bf5 55. Kf6 Kd7 56. Nd1 Bd3 57. Ne3 Be2 58. f5 exf5 59. e6+ Ke8 60. Nxf5 Bh5 1-0

[Event "Reykjavik Open"]
[Site "Reykjavik ISL"]
[Date "2012.03.12"]
[Round "8.73"]
[White "Stam, Bart"]
[Black "De Winter, Eric"]
[Result "1-0"]
[WhiteElo "2048"]
[BlackElo "1852"]
[WhiteFideId "1006240"]
[BlackFideId "1033069"]
[EventDate "2012.03.06"]

1. e4 c5 2. Nf3 Nc6 3. Bb5 g6 4. O-O Bg7 5. c3 e6 6. Bxc6 bxc6 7. d4 cxd4 8.
cxd4 d6 9. Nc3 Qc7 10. Bf4 Ne7 11. Rc1 Qd7 12. Qd2 O-O 13. e5 dxe5 14. Nxe5 Bxe5
15. Bxe5 f6 16. Bg3 c5 17. Rfd1 Rd8 18. Ne4 Qxd4 19. Qe1 1-0

[Event "Reykjavik Open"]
[Site "Reykjavik ISL"]
[Date "2012.03.12"]
[Round "8.74"]
[White "Finnbogadottir, Tinna Kristin"]
[Black "Shepherd, Michael"]
[Result "1-0"]
[WhiteElo "1810"]
[BlackElo "2011"]
[WhiteFideId "2300214"]
[BlackFideId "2401444"]
[EventDate "2012.03.06"]

1. e4 c5 2. Nc3 Nc6 3. g3 g6 4. Bg2 Bg7 5. d3 e6 6. Be3 d6 7. Qd2 Rb8 8. Nge2
Nd4 9. Bxd4 cxd4 10. Nb5 Qb6 11. Qb4 Qc5 12. Nxd6+ 1-0

[Event "Reykjavik Open"]
[Site "Reykjavik ISL"]
[Date "2012.03.12"]
[Round "8.75"]
[White "Traustason, Ingi Tandri"]
[Black "Roberts, Lynda"]
[Result "1-0"]
[WhiteElo "1824"]
[BlackElo "1960"]
[WhiteFideId "2302934"]
[BlackFideId "1800191"]
[EventDate "2012.03.06"]

1. d4 f5 2. e4 fxe4 3. Nc3 d5 4. Qh5+ g6 5. Qxd5 Nc6 6. Be3 Nf6 7. Qxd8+ Kxd8 8.
O-O-O Bg7 9. h3 e6 10. Nge2 Nb4 11. Ng3 b6 12. Bc4 Nbd5 13. Ncxe4 Nxe3 14. fxe3
Nxe4 15. Nxe4 Bh6 16. Kd2 Bb7 17. Kd3 Ke7 18. Rhf1 Rhf8 19. g3 e5 20. d5 Rae8
21. Rxf8 Rxf8 22. Ke2 c6 23. b4 cxd5 24. Bxd5 Bc8 25. g4 Bd7 26. c4 Bg7 27. b5
h5 28. Nf2 hxg4 29. hxg4 Rh8 30. Rh1 Rxh1 31. Bxh1 Bc8 32. Bd5 a6 33. a4 axb5
34. axb5 Bf8 35. Kf3 Be6 36. Bxe6 Kxe6 37. Ke4 Be7 38. Kd3 Bd6 1-0

[Event "Reykjavik Open"]
[Site "Reykjavik ISL"]
[Date "2012.03.12"]
[Round "8.76"]
[White "Thorsteinsdottir, Hallgerdur"]
[Black "Forsa, Elise"]
[Result "1-0"]
[WhiteElo "1959"]
[BlackElo "1789"]
[WhiteFideId "2302454"]
[BlackFideId "1500163"]
[EventDate "2012.03.06"]

1. e4 c5 2. Nf3 e6 3. g3 Qc7 4. Bg2 Nf6 5. Qe2 d6 6. O-O Nc6 7. d3 Be7 8. h4 b6
9. Nbd2 Bb7 10. Re1 Nd7 11. Nf1 h6 12. c3 Bf6 13. Ne3 O-O-O 14. a4 Rdg8 15. Nc2
g5 16. hxg5 hxg5 17. Be3 Bd8 18. d4 f5 19. d5 Nce5 20. dxe6 Nxf3+ 21. Qxf3 Bxe4
22. exd7+ Qxd7 23. Qd1 Bxg2 24. Kxg2 f4 25. Rh1 fxe3 26. Nxe3 Rxh1 27. Qxh1 Bf6
28. Qh3 g4 29. Qh5 Rg5 30. Qh6 Qe7 31. Rd1 Kd7 32. Kg1 Qf7 33. Nc4 Qxc4 34. Qxf6
Rd5 35. Qf7+ Kc6 36. Qe8+ Kb7 37. Qf7+ Kc6 38. Qe8+ Kb7 39. Rxd5 Qxd5 40. Qd7+
Kb8 41. Qxg4 Qd2 42. Qg8+ Kc7 43. Qf7+ Kc6 44. Qe8+ Kc7 45. Qb5 Qd1+ 46. Kg2
Qd5+ 47. f3 Qd2+ 48. Kh3 Qh6+ 49. Kg2 Qd2+ 50. Kf1 Qh2 51. g4 Qh1+ 52. Kf2 Qh2+
53. Ke3 Qe5+ 54. Kf2 Qh2+ 55. Ke1 Qg3+ 56. Ke2 Qg2+ 57. Ke3 Qg1+ 58. Kd2 Qh2+
59. Qe2 Qf4+ 60. Qe3 Qxa4 61. Qe7+ Kc8 62. Qxd6 Qb3 63. Kc1 Qc4 64. g5 Qf1+ 65.
Qd1 Qg2 66. f4 Qe4 67. Qg4+ Kc7 68. Qg3 Qh1+ 69. Kd2 Qd5+ 70. Ke3 Kd8 71. g6 c4
72. Qg5+ Qxg5 73. fxg5 Ke7 74. Kd4 b5 75. Kc5 a6 76. Kb6 b4 77. cxb4 Kf8 78.
Kxa6 Kg7 79. b5 Kxg6 80. b6 1-0

[Event "Reykjavik Open"]
[Site "Reykjavik ISL"]
[Date "2012.03.12"]
[Round "8.77"]
[White "Ontiveros, John"]
[Black "Zachariassen, John"]
[Result "0-1"]
[WhiteElo "1763"]
[BlackElo "1939"]
[WhiteFideId "2303981"]
[BlackFideId "1405535"]
[EventDate "2012.03.06"]

1. d4 Nf6 2. c4 d6 3. Nf3 Nbd7 4. Nc3 e5 5. dxe5 dxe5 6. Bg5 Be7 7. Qa4 c6 8.
Rd1 Qc7 9. e3 O-O 10. Be2 Nc5 11. Qc2 Ne6 12. h4 Re8 13. Ne4 Bb4+ 14. Kf1 Nxe4
15. Qxe4 f6 16. Bd3 Nf8 17. h5 f5 18. Qh4 e4 19. c5 Bxc5 20. Bc4+ Be6 21. Bxe6+
Nxe6 22. Nd2 h6 23. Bxh6 gxh6 24. Qf6 Qf7 25. Qc3 Rad8 26. Rh3 Bf8 27. Rg3+ Ng5
28. f4 exf3 29. gxf3 Bg7 30. Qc5 Rd5 31. Qxa7 f4 32. e4 Rxd2 33. Rxd2 fxg3 0-1

[Event "Reykjavik Open"]
[Site "Reykjavik ISL"]
[Date "2012.03.12"]
[Round "8.78"]
[White "Sigurdsson, Birkir Karl"]
[Black "Sverrisson, Nokkvi"]
[Result "1/2-1/2"]
[WhiteElo "1716"]
[BlackElo "1928"]
[WhiteFideId "2304180"]
[BlackFideId "2304376"]
[EventDate "2012.03.06"]

1. c4 e5 2. g3 Nf6 3. Bg2 Nc6 4. Nc3 a5 5. Nf3 Bc5 6. O-O d6 7. d3 h6 8. b3 Be6
9. Bb2 Qc8 10. Nb5 O-O 11. d4 1/2-1/2

[Event "Reykjavik Open"]
[Site "Reykjavik ISL"]
[Date "2012.03.12"]
[Round "8.79"]
[White "Sjol, Henrik"]
[Black "Kristinardottir, Elsa Maria"]
[Result "1-0"]
[WhiteElo "1892"]
[BlackElo "1734"]
[WhiteFideId "1505629"]
[BlackFideId "2300370"]
[EventDate "2012.03.06"]

1. d4 d5 2. Nf3 Nf6 3. e3 e6 4. Bd3 c5 5. b3 Nc6 6. Bb2 Be7 7. Nbd2 O-O 8. O-O
Qc7 9. a3 cxd4 10. exd4 Bd6 11. Qe2 Re8 12. Ne5 h6 13. f4 Nh7 14. Ndf3 f5 15.
Nxc6 bxc6 16. Bxf5 Bxf4 17. Bd3 Nf6 18. Ne5 Bxe5 19. dxe5 Nh7 20. Bg6 Re7 21.
Qd3 Nf8 22. Rxf8+ Kxf8 23. Rf1+ Rf7 24. Rxf7+ Qxf7 25. Bxf7 Kxf7 26. Qf3+ Kg8
27. Bd4 a5 28. Bc5 Ba6 29. Qc3 Bb7 30. Bd6 a4 31. bxa4 Rd8 32. Qb4 Rd7 33. Qb6 1-0

[Event "Reykjavik Open"]
[Site "Reykjavik ISL"]
[Date "2012.03.12"]
[Round "8.80"]
[White "Leite, Steinar"]
[Black "Fivelstad, Jon Olav"]
[Result "0-1"]
[WhiteElo "1707"]
[BlackElo "1879"]
[WhiteFideId "1510428"]
[BlackFideId "1510339"]
[EventDate "2012.03.06"]

1. e4 c5 2. Nf3 e6 3. d3 Nc6 4. g3 g6 5. Bg2 Bg7 6. O-O Nge7 7. c3 d5 8. exd5
exd5 9. Re1 O-O 10. Bf4 Bf5 11. Nh4 Be6 12. Qd2 Re8 13. a4 Na5 14. Qc2 Nec6 15.
Nf3 Bf5 16. Rxe8+ Qxe8 17. Na3 c4 18. Ne1 Nb3 19. Rd1 Nc5 20. Bxd5 cxd3 21. Qd2
Rd8 22. Bc4 Nxa4 23. Nb5 Ne5 24. Bxe5 Bxe5 25. b3 Nb6 26. Bxd3 Bxd3 27. Nxd3
Qxb5 28. Qc2 Bf6 29. c4 Qf5 30. Qe2 h5 31. Qxh5 0-1

[Event "Reykjavik Open"]
[Site "Reykjavik ISL"]
[Date "2012.03.12"]
[Round "8.81"]
[White "Myrstad, Odd Magnus"]
[Black "Dukaczewski, Piotr"]
[Result "1-0"]
[BlackTitle "IM"]
[WhiteElo "2091"]
[BlackElo "2310"]
[WhiteFideId "1504851"]
[BlackFideId "1103520"]
[EventDate "2012.03.06"]

1. e4 c5 2. Nf3 e6 3. d4 cxd4 4. Nxd4 Qb6 5. Be2 Bc5 6. c3 Nc6 7. Na3 Bxd4 8.
cxd4 Qxd4 9. Nb5 Qxd1+ 10. Bxd1 Rb8 11. b3 Nge7 12. Nd6+ Kf8 13. O-O b6 14. Nb5
f6 15. f4 Ba6 16. Rf2 g6 17. Bf3 Kg7 18. Bb2 Nc8 19. Rd1 Rd8 20. g4 d6 1-0

[Event "Reykjavik Open"]
[Site "Reykjavik ISL"]
[Date "2012.03.12"]
[Round "8.83"]
[White "Mass, Elvira"]
[Black "Einarsson, Oskar Long"]
[Result "1/2-1/2"]
[WhiteElo "2040"]
[BlackElo "1618"]
[WhiteFideId "4695623"]
[BlackFideId "2309220"]
[EventDate "2012.03.06"]

1. e4 c5 2. Nf3 d6 3. g3 Nf6 4. d3 e6 5. Bg2 Be7 6. O-O O-O 7. Re1 Nc6 8. Nbd2
Qc7 9. c3 b6 10. d4 Bb7 11. e5 dxe5 12. dxe5 Nd5 13. a3 b5 14. c4 bxc4 15. Nxc4
Rad8 16. Bd2 Nb6 17. Rc1 Nd4 18. Nxd4 Rxd4 19. Bxb7 Nxc4 20. Rxc4 Rxc4 21. Ba6
Rd4 22. Qe2 Rb8 23. Bc3 Rdd8 24. Qe4 Qd7 25. Bc4 Qb7 26. Qe2 Qb6 27. Qe4 1/2-1/2

[Event "Reykjavik Open"]
[Site "Reykjavik ISL"]
[Date "2012.03.12"]
[Round "8.84"]
[White "Thjomoe, Hans Richard"]
[Black "Heimisson, Hilmir Freyr"]
[Result "0-1"]
[WhiteElo "1926"]
[BlackElo "1602"]
[WhiteFideId "1506412"]
[BlackFideId "2309998"]
[EventDate "2012.03.06"]

1. e4 c5 2. Nc3 Nc6 3. f4 g6 4. Nf3 Bg7 5. Bb5 Nd4 6. O-O a6 7. Be2 e6 8. Nb1 b5
9. d3 Bb7 10. c3 Nc6 11. Qe1 Nge7 12. Be3 d6 13. Nbd2 Rc8 14. Rc1 Ba8 15. Ng5
Qd7 16. f5 gxf5 17. exf5 exf5 18. Bh5 Nd8 19. Qg3 Rg8 20. Rce1 h6 21. Nxf7 Nxf7
22. Bxh6 Kf8 23. Bg5 Nxg5 24. Rxe7 Qxe7 25. Rxf5+ Bf6 26. Qf2 Nh3+ 0-1